000 00297nam a22001337a 4500
008 181015b xxu||||| |||| 00| 0 eng d
020 _a9780618216017
041 _aeng
080 _27 ed
_a159.9
100 _a49
101 _aPSI
245 _aThinking Criticality
_cJohn.CH
942 _2udc
_cBK
999 _c49643
_d49643